000 00775cam a2200277 4500
001 16318
003 BD-RjUL
005 20211209000008.0
008 140213s1974 ii b 001 0 eng
035 _a(BD-RjUL)16373
040 _aDLC
_cDLC
_dDLC
_dBD-RjUL
_beng
041 _aeng
082 0 0 _a309.2620954
_bBHU
100 1 _aBhardwaj, R. K.,
_d1905-
_916528
245 1 0 _aUrban development in India /
_c R. K. Bhardwaj.
250 _a1st ed.
260 _aDelhi :
_bNational [Pub. House,
_c1974.
300 _axiv, 456 p. ;
_c25 cm.
350 _aRs70.00
504 _aBibliography: p. [433]-437.
650 0 _aCity planning
_zIndia.
_950448
650 0 _aUrban transportation
_zIndia.
_950449
942 _2ddc
_cBK
999 _c16318
_d16318